00302nam a2200121Ia 4500008004100000100003200041245002800073260003200101300000900133650001400142942000700156999001700163190216s9999||||xx |||||||||||||| ||und|| aChangampuzha Krishan Pillai 0aSpandikkunna Asthimatam bPoorna Pubs Kozhikodec1989 a166p aKavithkal cBK c24194d24194